<?xml version="1.0" encoding="UTF-8"?>
<record
    xmlns:xsi="http://www.w3.org/2001/XMLSchema-instance"
    xsi:schemaLocation="http://www.loc.gov/MARC21/slim http://www.loc.gov/standards/marcxml/schema/MARC21slim.xsd"
    xmlns="http://www.loc.gov/MARC21/slim">

  <leader>01577nam a2200361 c 4500</leader>
  <controlfield tag="001">57603</controlfield>
  <controlfield tag="003">CO-BoRNBP</controlfield>
  <controlfield tag="005">20250714161023.0</controlfield>
  <controlfield tag="007">ta</controlfield>
  <controlfield tag="008">160801s2009    ck a   gs     000 0 spa d</controlfield>
  <datafield tag="020" ind1=" " ind2=" ">
    <subfield code="a">9789580408543</subfield>
  </datafield>
  <datafield tag="040" ind1=" " ind2=" ">
    <subfield code="a">CO-BoRNBP</subfield>
    <subfield code="b">spa</subfield>
    <subfield code="e">rda</subfield>
    <subfield code="c">CO-BoRNBP</subfield>
  </datafield>
  <datafield tag="041" ind1=" " ind2=" ">
    <subfield code="a">spa</subfield>
  </datafield>
  <datafield tag="084" ind1=" " ind2=" ">
    <subfield code="a">N</subfield>
  </datafield>
  <datafield tag="100" ind1="1" ind2=" ">
    <subfield code="a">Kendall, Sarita</subfield>
    <subfield code="e">aut</subfield>
    <subfield code="9">61112</subfield>
  </datafield>
  <datafield tag="245" ind1="1" ind2="3">
    <subfield code="a">La campana del arrecife /</subfield>
    <subfield code="c">Sarita Kendall ; traducido por Jorge C&#xE1;rdenas Nanneti.</subfield>
  </datafield>
  <datafield tag="250" ind1=" " ind2=" ">
    <subfield code="a">Vig&#xE9;simaquinta reimpresi&#xF3;n</subfield>
  </datafield>
  <datafield tag="264" ind1=" " ind2="1">
    <subfield code="a">Bogot&#xE1;, Colombia :</subfield>
    <subfield code="b">Norma,</subfield>
    <subfield code="c">2009</subfield>
  </datafield>
  <datafield tag="300" ind1=" " ind2=" ">
    <subfield code="a">174 p&#xE1;ginas :</subfield>
    <subfield code="b">ilustraciones</subfield>
  </datafield>
  <datafield tag="336" ind1=" " ind2=" ">
    <subfield code="a">texto</subfield>
    <subfield code="b">txt</subfield>
    <subfield code="2">rdacontent</subfield>
  </datafield>
  <datafield tag="337" ind1=" " ind2=" ">
    <subfield code="a">sin mediaci&#xF3;n</subfield>
    <subfield code="b">n</subfield>
    <subfield code="2">rdamedia</subfield>
  </datafield>
  <datafield tag="338" ind1=" " ind2=" ">
    <subfield code="a">volumen</subfield>
    <subfield code="b">nc</subfield>
    <subfield code="2">rdacarrier</subfield>
  </datafield>
  <datafield tag="490" ind1="0" ind2=" ">
    <subfield code="a">Torre de papel</subfield>
    <subfield code="a">Torre amarilla</subfield>
    <subfield code="a">Infantil-juvenil</subfield>
  </datafield>
  <datafield tag="500" ind1=" " ind2=" ">
    <subfield code="a">Incluye datos biogr&#xE1;ficos de la autora</subfield>
  </datafield>
  <datafield tag="505" ind1="1" ind2=" ">
    <subfield code="a">Viernes: la isla -- Viernes: Cartagena -- S&#xE1;bado: el arrecife --  Domingo: el cable -- Lunes por la ma&#xF1;ana: otra vez en el arrecife -- Lunes por la tarde: el descabezado -- Martes: la biblioteca --  Mi&#xE9;rcoles: Kika se luce -- Jueves: la partida -- Jueves por la noche: el disco -- Viernes por la ma&#xF1;ana: la armada interviene --  Viernes por la tarde: la campana</subfield>
  </datafield>
  <datafield tag="650" ind1="0" ind2="7">
    <subfield code="a">Historia</subfield>
    <subfield code="v">novela</subfield>
    <subfield code="2">lemb</subfield>
    <subfield code="9">61113</subfield>
  </datafield>
  <datafield tag="650" ind1="0" ind2="7">
    <subfield code="a">Literatura juvenil brasile&#xF1;a</subfield>
    <subfield code="y">siglo xx</subfield>
    <subfield code="2">lemb</subfield>
    <subfield code="9">2475</subfield>
  </datafield>
  <datafield tag="650" ind1="0" ind2="7">
    <subfield code="a">Naufragios</subfield>
    <subfield code="v">novela</subfield>
    <subfield code="2">lemb</subfield>
    <subfield code="9">61114</subfield>
  </datafield>
  <datafield tag="650" ind1="0" ind2="7">
    <subfield code="a">Novela juvenil brasile&#xF1;a</subfield>
    <subfield code="y">siglo xx</subfield>
    <subfield code="2">lemb</subfield>
    <subfield code="9">2474</subfield>
  </datafield>
  <datafield tag="650" ind1="0" ind2="7">
    <subfield code="a">Oc&#xE9;ano</subfield>
    <subfield code="v">novela</subfield>
    <subfield code="2">lemb</subfield>
    <subfield code="9">61115</subfield>
  </datafield>
  <datafield tag="700" ind1=" " ind2=" ">
    <subfield code="a">Nannetti, Jorge C&#xE1;rdenas,</subfield>
    <subfield code="d">1906-</subfield>
    <subfield code="e">trl</subfield>
    <subfield code="9">61116</subfield>
  </datafield>
  <datafield tag="942" ind1=" " ind2=" ">
    <subfield code="2">loc</subfield>
    <subfield code="c">BKLIT</subfield>
  </datafield>
  <datafield tag="999" ind1=" " ind2=" ">
    <subfield code="c">57603</subfield>
    <subfield code="d">57603</subfield>
  </datafield>
  <datafield tag="952" ind1=" " ind2=" ">
    <subfield code="0">0</subfield>
    <subfield code="1">0</subfield>
    <subfield code="2">ddc</subfield>
    <subfield code="4">0</subfield>
    <subfield code="7">0</subfield>
    <subfield code="8">INF</subfield>
    <subfield code="a">MEMACARE</subfield>
    <subfield code="b">MEMACARE</subfield>
    <subfield code="c">SInf</subfield>
    <subfield code="d">2025-07-14</subfield>
    <subfield code="l">0</subfield>
    <subfield code="o">N</subfield>
    <subfield code="p">LM02496</subfield>
    <subfield code="r">2025-07-14 16:11:14</subfield>
    <subfield code="t">Ej.1</subfield>
    <subfield code="w">2025-07-14</subfield>
    <subfield code="y">BKLIT</subfield>
  </datafield>
</record>
